Long run growth and short run stabilization : essays in memory of Albert Ando (Record no. 235144)

MARC details
000 -LEADER
fixed length control field 00759nam a2200229Ia 4500
008 - FIXED-LENGTH DATA ELEMENTS--GENERAL INFORMATION
fixed length control field 191130s2006##################000#0#eng##
020 ## - INTERNATIONAL STANDARD BOOK NUMBER
ISBN 9781843766438
082 ## - DEWEY DECIMAL CLASSIFICATION NUMBER
Classification number 338.9 KLE
245 ## - TITLE STATEMENT
Title Long run growth and short run stabilization : essays in memory of Albert Ando
Statement of responsibility, etc edited by Lawrence R. Klein
260 ## - PUBLICATION, DISTRIBUTION, ETC. (IMPRINT)
Place of publication Cheltenham, UK ; Brookfield, VT, USA
Name of publisher Edward Elgar Publishing
Year of publication 2006
300 ## - PHYSICAL DESCRIPTION
Number of Pages 409p.: ill, 23cm
500 ## - GENERAL NOTE
General note Includes bibliographical references and index
650 ## - SUBJECT ADDED ENTRY--TOPICAL TERM
Topical Term Economic development
Topical Term Economic stabilization
700 ## - ADDED ENTRY--PERSONAL NAME
Personal name Ando, Albert
Personal name Klein, Lawrence Robert
991 ## -
-- 204782
Holdings
Withdrawn status Lost status Damaged status Not for loan Home library Current library Shelving location Date acquired Full call number Accession Number Price effective from Koha item type
        Anna Centenary Library Anna Centenary Library 4TH FLOOR, A WING 13.10.2020 338.9 KLE 342806 13.10.2020 English Books

Find us on the map